Los impuestos a las actividades lucrativas de la Capital Federal y la Provincia de Buenos Aires (Registro nro. 27529)

Detalles MARC
000 -LEADER
fixed length control field 00389 a2200109 4500
001 - CONTROL NUMBER
control field ART_18315
005 - DATE AND TIME OF LATEST TRANSACTION
control field 20260410161919.0
008 - FIXED-LENGTH DATA ELEMENTS--GENERAL INFORMATION
fixed length control field 260409a
100 1# - MAIN ENTRY--PERSONAL NAME
Personal name Szuster, Salomón Jorge
245 10 - TITLE STATEMENT
Title Los impuestos a las actividades lucrativas de la Capital Federal y la Provincia de Buenos Aires
773 0# - HOST ITEM ENTRY
Title La información
Related parts - Tomo XXXIII, Nº 556 (abr. 1976)
Record control number REV14902

No hay ítems disponibles.